00258 a2200121 4500001000700000020002200007040001100029100001900040240003300059245002800092300000700120362000900127190573 a978-0-521-13742-3 cMagnum aBethune, Helen10aWhy does my heart pump?lING10aWhy does my heart pump? a240 a2010